|
|
|
|
| LEADER |
01136cam a2200277 i 4500 |
| 001 |
4594904 |
| 003 |
GR-PaULI |
| 005 |
20210426100119.0 |
| 008 |
760331s1975 gw a b 001 0 eng b |
| 010 |
|
|
|a 75595322
|
| 020 |
|
|
|a 3135137015
|
| 040 |
|
|
|a DLC
|c DLC
|d
|b gre
|e AACR2
|
| 082 |
0 |
0 |
|a 617.807 572
|2 23
|
| 100 |
1 |
|
|a Valvassori, Galdino E.
|9 166816
|e συγγραφέας.
|
| 245 |
1 |
0 |
|a Tomography and cross sections of the ear /
|c by Galdino E. Valvassori and Richard A. Buckingham.
|
| 260 |
|
|
|a Stuttgart :
|b G. Thieme,
|c 1975.
|
| 300 |
|
|
|a vii, 200 σ. :
|b εικ. ;
|c 30 εκ.
|
| 500 |
|
|
|a
|
| 504 |
|
|
|a Περιλαμβάνει βιβλιογραφία και ευρετήριο.
|
| 650 |
|
4 |
|a Αφτί
|x Ραδιογραφία.
|9 166817
|
| 650 |
|
4 |
|a Τομογραφία
|9 27270
|
| 700 |
1 |
|
|a Buckingham, Richard A.,
|d 1922-
|e συγγραφέας.
|9 166818
|
| 942 |
|
|
|2 ddc
|c BK15
|
| 952 |
|
|
|0 0
|1 0
|2 ddc
|4 0
|6 617_807000000000000_572_VAL
|7 0
|9 219230
|a LISP
|b LISP
|c BSC
|d 2018-01-24
|i 06841
|l 0
|o 617.807 572 VAL
|p 025000240567
|r 2018-01-24 00:00:00
|t 1
|v 2018.00
|w 2018-01-24
|y BK15
|
| 998 |
|
|
|c ΜΠΟΥΡΑΣ
|d 2018-01
|
| 999 |
|
|
|c 132675
|d 132675
|